| 000 | 01162nam a22002297a 4500 | ||
|---|---|---|---|
| 999 |
_c21992 _d21992 |
||
| 003 | AR-CdUCM | ||
| 008 | 190425b ||||| |||| 00| 0 spa d | ||
| 040 |
_aMUNICIPALIDAD PROVINCIAL DEL CUSCO _cBIBLIOTECA MUNICIPAL DEL CUSCO |
||
| 082 | _aAmaru/N°1/2000 | ||
| 110 |
_aUniversidad Nacional de San Antonio Abad del Cusco _915942 |
||
| 245 |
_aAmaru : _bRevista de investigación Jurídica / |
||
| 260 |
_aCusco. _bMisión de las facultades de Derecho del Perú, _c2000. |
||
| 300 |
_a29 páginas. : _bilustraciones ; _c30 cm. |
||
| 440 |
_aAmaru revista de investigación Jurídica. _nTercer milenio, UNSAAC, Número 1. _947087 |
||
| 505 | _aContenido: Tauqamarka responsabilidad penal de un desayuno. Gustavo Cáceres. -- El recurso de revisión. Gudriel Díaz. -- Participación democrática en Waqoto. Luis Alberto Ayquipa. -- El teleférico de Machupicchu. Inés Béjar. -- La prueba del ADN. Juan Cesar Callahue. -- El debido proceso de desalojo. Andrés Galindo... | ||
| 650 |
_aDerecho peruano _921203 |
||
| 650 |
_aCiencia jurídicas _947088 |
||
| 650 |
_aSiglo XX _947089 |
||
| 700 |
_aTorre Rueda, Juan _947090 |
||
| 942 |
_2ddc _cPP |
||
| 945 | _arac | ||